000
00205nam a22000857a 4500
008
170130b xxu||||| |||| 00| 0 eng d
100
_9
2660
_a
NCERT
245
_a
Accontancey-XII
260
_a
New Delhi
_b
NCERT
_c
2007
999
_c
5816
_d
5816